Pokémon - Les attaques de Cochignon - Statistiques

Statistiques générales
  • Ce quiz a été pris 23 fois
  • Le résultat moyen est 10 sur 15
Statistiques - réponses
Niveaux Types Noms des attaques % Correct
Niveau 58 Glace Blizzard
93%
Départ Normal Charge
86%
Niveau 15 Glace Éclats Glace
86%
Niveau 51 Sol Séisme
86%
Départ Sol Coud'Boue
79%
Départ Glace Poudreuse
79%
Départ Roche Pouvoir Antique
79%
Niveau 44 Normal Bélier
71%
Niveau 20 Glace Brume
71%
Départ Évolution Glace Crocs Givre
57%
Niveau 30 Glace Vent Glace
57%
Niveau 37 Psy Amnésie
50%
Niveau 65 Normal Mania
43%
Départ Normal Gigotage
29%
Niveau 25 Normal Ténacité
21%
Aucun quiz correspondant
Distribution des résultats
% des personnes avec chaque résultat
Percentile par nombre de réponses
Votre historique - résultats
Vous n’avez pas pris ce quiz